书目信息 |
| 题名: |
永康锡雕
|
|
| 作者: | 吕美丽 , 陈元晓 编著 | |
| 分册: | ||
| 出版信息: | 杭州 浙江摄影出版社 2012 |
|
| 页数: | 139页, [1] 叶图版 | |
| 开本: | 23cm | |
| 丛书名: | 浙江省非物质文化遗产代表作丛书 | |
| 单 册: | ||
| 中图分类: | J314.4 | |
| 科图分类: | ||
| 主题词: | 锡--金属雕刻--介绍--永康市 | |
| 电子资源: | ||
| ISBN: | 978-7-5514-0037-4 | |
| 000 | 01062nam 2200277 450 | |
| 001 | 2367663315 | |
| 005 | 20231206184802.97 | |
| 010 | @a978-7-5514-0037-4@dCNY26.00 | |
| 100 | @a20130131d2012 em y0chiy50 ea | |
| 101 | 0 | @achi |
| 102 | @aCN@b330000 | |
| 105 | @aafk a 000yy | |
| 200 | 1 | @a永康锡雕@Ayong kang xi diao@f吕美丽, 陈元晓编著 |
| 210 | @a杭州@c浙江摄影出版社@d2012 | |
| 215 | @a139页, [1] 叶图版@c彩图@d23cm | |
| 225 | 2 | @a浙江省非物质文化遗产代表作丛书@Azhe jiang sheng fei wu zhi wen hua yi chan dai biao zuo cong shu |
| 300 | @a第二批国家级非物质文化遗产浙江省项目 | |
| 320 | @a有书目 (第137页) | |
| 330 | @a本书介绍了永康锡雕的分类、价值与保养, 永康锡雕的制作技艺及其产品特色, 永康锡雕的代表性传承人及锡雕精品赏析, 关于永康锡雕的认识和评价, 永康锡雕的现状和保护情况等。 | |
| 410 | 0 | @12001 @a浙江省非物质文化遗产代表作丛书 |
| 606 | 0 | @a锡@x金属雕刻@x介绍@y永康市 |
| 690 | @aJ314.4@v5 | |
| 701 | 0 | @a吕美丽@Alv mei li@4编著 |
| 701 | 0 | @a陈元晓@Achen yuan xiao@4编著 |
| 801 | 0 | @aCN@b湖北三新@c20130131 |
| 905 | @aBZT@dJ314.4@e1 | |
| 永康锡雕/吕美丽, 陈元晓编著.-杭州:浙江摄影出版社,2012 |
| 139页, [1] 叶图版:彩图;23cm.-(浙江省非物质文化遗产代表作丛书) |
| 第二批国家级非物质文化遗产浙江省项目 |
| ISBN 978-7-5514-0037-4:CNY26.00 |
| 本书介绍了永康锡雕的分类、价值与保养, 永康锡雕的制作技艺及其产品特色, 永康锡雕的代表性传承人及锡雕精品赏析, 关于永康锡雕的认识和评价, 永康锡雕的现状和保护情况等。 |
| ● |
| 相关链接 |
|
|
|
正题名:永康锡雕
索取号:J314.4/1
 
预约/预借
| 序号 | 登录号 | 条形码 | 馆藏地/架位号 | 状态 | 备注 |
| 1 | 2001401936 | 2001401936 | 三新/湖北三新(第三批)/1597/ [索取号:J314.4/1] | 在馆 | |
| 2 | 2001401937 | 2001401937 | 三新/湖北三新(第三批)/1597/ [索取号:J314.4/1] | 在馆 | |
| 3 | 2001401938 | 2001401938 | 三新/湖北三新(第三批)/1597/ [索取号:J314.4/1] | 在馆 | |
| 4 | 2001401939 | 2001401939 | 三新/湖北三新(第三批)/1597/ [索取号:J314.4/1] | 在馆 | |
| 5 | 2001401940 | 2001401940 | 三新/湖北三新(第三批)/1597/ [索取号:J314.4/1] | 在馆 | |
| 6 | 2001401941 | 2001401941 | 三新/湖北三新(第三批)/1597/ [索取号:J314.4/1] | 在馆 | |
| 7 | 2001401942 | 2001401942 | 三新/湖北三新(第三批)/1597/ [索取号:J314.4/1] | 在馆 | |
| 8 | 2001401943 | 2001401943 | 三新/湖北三新(第三批)/1597/ [索取号:J314.4/1] | 在馆 | |
| 9 | 2001401944 | 2001401944 | 三新/湖北三新(第三批)/1597/ [索取号:J314.4/1] | 在馆 | |
| 10 | 2001401945 | 2001401945 | 三新/湖北三新(第三批)/1597/ [索取号:J314.4/1] | 在馆 | |
| 11 | 2001401946 | 2001401946 | 三新/湖北三新(第三批)/1597/ [索取号:J314.4/1] | 在馆 | |
| 12 | 2001401947 | 2001401947 | 三新/湖北三新(第三批)/1597/ [索取号:J314.4/1] | 在馆 | |
| 13 | 2001401948 | 2001401948 | 三新/湖北三新(第三批)/1597/ [索取号:J314.4/1] | 在馆 | |
| 14 | 2001401949 | 2001401949 | 三新/湖北三新(第三批)/1597/ [索取号:J314.4/1] | 在馆 | |
| 15 | 2001401950 | 2001401950 | 三新/湖北三新(第三批)/1597/ [索取号:J314.4/1] | 在馆 | |
| 16 | 2001401951 | 2001401951 | 三新/湖北三新(第三批)/1597/ [索取号:J314.4/1] | 在馆 | |
| 17 | 2001401952 | 2001401952 | 三新/湖北三新(第三批)/1597/ [索取号:J314.4/1] | 在馆 | |
| 18 | 2001401953 | 2001401953 | 三新/湖北三新(第三批)/1597/ [索取号:J314.4/1] | 在馆 | |
| 19 | 2001401954 | 2001401954 | 三新/湖北三新(第三批)/1597/ [索取号:J314.4/1] | 在馆 | |
| 20 | 2001401955 | 2001401955 | 三新/湖北三新(第三批)/1597/ [索取号:J314.4/1] | 在馆 | |
| 21 | 2001401956 | 2001401956 | 三新/湖北三新(第三批)/1597/ [索取号:J314.4/1] | 在馆 | |
| 22 | 2001401957 | 2001401957 | 三新/湖北三新(第三批)/1597/ [索取号:J314.4/1] | 在馆 | |
| 23 | 2001401958 | 2001401958 | 三新/湖北三新(第三批)/1597/ [索取号:J314.4/1] | 在馆 | |
| 24 | 2001401959 | 2001401959 | 三新/湖北三新(第三批)/1597/ [索取号:J314.4/1] | 在馆 | |
| 25 | 2001401960 | 2001401960 | 三新/湖北三新(第三批)/1597/ [索取号:J314.4/1] | 在馆 | |
| 26 | 2001401961 | 2001401961 | 三新/湖北三新(第三批)/1597/ [索取号:J314.4/1] | 在馆 | |
| 27 | 2001401962 | 2001401962 | 三新/湖北三新(第三批)/1597/ [索取号:J314.4/1] | 在馆 | |
| 28 | 2001401963 | 2001401963 | 三新/湖北三新(第三批)/1597/ [索取号:J314.4/1] | 在馆 | |
| 29 | 2001401964 | 2001401964 | 三新/湖北三新(第三批)/1597/ [索取号:J314.4/1] | 在馆 | |
| 30 | 2001401965 | 2001401965 | 三新/湖北三新(第三批)/1597/ [索取号:J314.4/1] | 在馆 |